Undertale Characters - Sudden Death - Statistics

General Stats
  • This quiz has been taken 731 times
  • The average score is 13 of 20
Answers on the Grid
Answers color-coded by a green-red scale on the quiz's grid according to % correct below.
Mettaton
Jerry
Niko
Bratty
Sobble
Astigmatism
Papyrus
Ness
Asriel
Lancer
Gerson
Burgerpants
Berdly
Toriel
Loox
Lemon Bread
Seam
Undyne
Muffet
Temmie
Susie
Mortimer
Renault
Endogeny
Frisk
Sans
Vulkin
Aaron
Ponman
Pyrope
 
Answer Stats
Answer % Correct
Mettaton
94%
Papyrus
87%
Asriel
77%
Jerry
72%
Sans
72%
Toriel
72%
Undyne
72%
Frisk
71%
Muffet
69%
Temmie
66%
Bratty
62%
Astigmatism
58%
Burgerpants
58%
Gerson
54%
Aaron
51%
Vulkin
51%
Loox
49%
Pyrope
46%
Endogeny
41%
Lemon Bread
41%
No matching quizzes found
Score Distribution
Percent of People with Each Score
Percentile by Number Answered
Your Score History
You have not taken this quiz